000 00454nam a2200157Ia 4500
008 240729s9999 xx 000 0 und d
022 _a2775-4448
245 0 _aWomen, Midwives and Midwifery
260 _aIndonesia
260 _bAsosiasi Pendidikan Kebidanan Indonesia (AIPKIND)
650 _a Public aspects of medicine
650 _aMedicine
856 _uhttps://doaj.org/toc/21c280a4fb314b9bb5aef47e2ff35a58
942 _2ddc
942 _cDOAJEJ
999 _c69331
_d69331
945 _a1
_bMadushi Gamage
_c1
_dMadushi Gamage